<?xml version="1.0" encoding="UTF-8"?>
<collection xmlns="http://www.loc.gov/MARC21/slim">
 <record>
  <leader>01384nab a2200229 i 4500</leader>
  <controlfield tag="001">acta3605</controlfield>
  <controlfield tag="005">20220906115855.0</controlfield>
  <controlfield tag="008">161015s1979    hu      o     0||   hun d</controlfield>
  <datafield tag="022" ind1=" " ind2=" ">
   <subfield code="a">0586-3716</subfield>
  </datafield>
  <datafield tag="040" ind1=" " ind2=" ">
   <subfield code="a">SZTE Egyetemi Kiadványok Repozitórium</subfield>
   <subfield code="b">hun</subfield>
  </datafield>
  <datafield tag="041" ind1=" " ind2=" ">
   <subfield code="a">hun</subfield>
  </datafield>
  <datafield tag="041" ind1=" " ind2=" ">
   <subfield code="a">ger</subfield>
  </datafield>
  <datafield tag="100" ind1="1" ind2=" ">
   <subfield code="a">Nyíri Antal</subfield>
  </datafield>
  <datafield tag="245" ind1="1" ind2="2">
   <subfield code="a">A magyar tőrendszer történetéből</subfield>
   <subfield code="h">[elektronikus dokumentum] /</subfield>
   <subfield code="c"> Nyíri Antal</subfield>
  </datafield>
  <datafield tag="260" ind1=" " ind2=" ">
   <subfield code="c">1979</subfield>
  </datafield>
  <datafield tag="300" ind1=" " ind2=" ">
   <subfield code="a">23-46</subfield>
  </datafield>
  <datafield tag="490" ind1="0" ind2=" ">
   <subfield code="a">Acta Universitatis Szegediensis : sectio ethnographica et linguistica = néprajz és nyelvtudomány = étnografiâ i azykoznanie = Volkskunde und Sprachwissenschaft</subfield>
   <subfield code="v">22-23</subfield>
  </datafield>
  <datafield tag="520" ind1="3" ind2=" ">
   <subfield code="a">In dieser Veröffentlichung erörtert der Verf. die Stammgeschichte zwei ungarischer u-stämmigen Hauptwörter: 1. k6 'Stein', kß-be; köv-et, köv-e; 2. 16 'Pferd', ld-ra; lov-att lov-a. Durch verwandtsprachige, altungarische und heutige mundartlichen Belege werden nachgewiesen, wie die verschiedenen u-stämmigen Varianten der zwei ungarischen Hauptwörter kö 'Stein': Akk. köv-et und 16 'Pferd': Akk. lov-at zustande gekommen sind und sich bis zu unserer Zeit entwickelt haben.</subfield>
  </datafield>
  <datafield tag="650" ind1=" " ind2="4">
   <subfield code="a">Bölcsészettudományok</subfield>
  </datafield>
  <datafield tag="650" ind1=" " ind2="4">
   <subfield code="a">Nyelvek és irodalom</subfield>
  </datafield>
  <datafield tag="695" ind1=" " ind2=" ">
   <subfield code="a">Magyar nyelv - szótő - története, Magyar nyelvtörténet - szótő</subfield>
  </datafield>
  <datafield tag="856" ind1="4" ind2="0">
   <subfield code="u">http://acta.bibl.u-szeged.hu/3605/1/etno_lingu_022_023_023-046.pdf</subfield>
   <subfield code="z">Dokumentum-elérés </subfield>
  </datafield>
 </record>
</collection>
